Statistics for Biggest Cities in Arizona

Click here to take the quiz!

General Stats

  • This quiz has been taken 14,122 times
    (6,880 since last reset)
  • The average score is 9 of 20

Answers on the Map

Answers color-coded by a green-red scale on the quiz's map according to % correct below.
Loading ...
 

Answer Stats

PopulationCity% Correct
1,660,272Phoenix
100%
545,975Tucson
88%
508,958Mesa
73%
73,964Flagstaff
72%
255,310Scottsdale
64%
97,908Yuma
58%
192,364Tempe
53%
250,702Glendale
51%
257,165Chandler
47%
248,279Gilbert
38%
172,259Peoria
36%
55,090Lake Havasu City
33%
138,161Surprise
32%
82,835Goodyear
25%
57,232Casa Grande
22%
50,024Maricopa
22%
74,370Buckeye
20%
85,835Avondale
18%
47,007Marana
16%
45,751Prescott Valley
14%

Score Distribution

Percentile by Number Answered

Percent of People with Each Score

Your Score History

You have not taken this quiz since the last reset